000 00855nam a22002177a 4500
999 _c12671
_d12671
003 AR-CdUCM
008 190409b ||||| |||| 00| 0 spa d
040 _aMUNICIPALIDAD PROVINCIAL DEL CUSCO
_cBIBLIOTECA MUNICIPAL DEL CUSCO
082 _aC / 985.61 /
_bG25
100 _aGarmendia, Roberto F.
_99470
245 _aEl progreso del Cuzco 1900 - 1977 /
260 _aCusco :
_c[1977].
300 _a136 páginas ;
_c21 cm.
505 _aContenido: La cultura -- El ferrocarril -- Ferrocarril Cuzco Santa Ana -- Luz eléctrica -- Saneamiento -- Carreteras -- Mercados -- El cuarto centenario de la fundación española del Cuzco ...
650 _aProgreso del Cusco
_930643
650 _aFactores económicos
_930644
650 _aFactores sociales
_930645
650 _aFactores culturales
_930646
942 _2ddc
_cLIBROS
945 _aacv
_d2019-04-09